000
00366nam a2200169Ia 4500
003
0STCL
008
150530s9999 xx 000 0 und d
040
_a
STCL
_c
STCL
100
_a
Singh, R.S.
245
_a
Plant diseases
250
_a
Fourth
260
_b
Macmillan
_c
1978
546
_a
English
942
_2
ddc
_c
BK
999
_c
34371
_d
34371
005
20220125170327.0